000 00857nam a2200289 i 4500
001 000028014
003 DO-SdBNP
005 20240530073919.0
007 ta
008 110406s2003 dr g 000 0 spa d
020 _a9968151998
040 _aDO-SdBNP
_bspa
_cBNPHU
_erda
082 4 _aRD863.44
_bI32v, 2003
_222
100 1 _aImbert Brugal, Carmen,
_d1955-
_916402
_eautora
245 1 0 _aVolver al frío /
_cCarmen Imbert Brugal
260 _aSanto Domingo :
_bNorma,
_c2003.
300 _a79 páginas ;
_c21 cm.
336 _2rdacontent
_atexto
_btxt
337 _2rdamedia
_asin mediación
_bn
338 _2rdacarrier
_avolumen
_bnc
490 0 _aLa otra orilla
590 _aInventariado, 2020 /LP
650 0 _aNovela dominicana
_9223
650 0 _aLiteratura dominicana.
_967
910 _aValidado. Control de calidad EMS
942 _2ddc
_cLBS1
999 _c27506
_d27506